Plantel Sporting Club Portugal 2023-2024 - Statistics

Estatísticas Gerais
  • Esse quiz foi jogado 111 vezes
  • A pontuação média é 23 de 37
Estatísticas das Respostas
N. Plantel % Correto
9 Viktor Gyökeres
95%
12 Franco Israel
93%
8 Pedro Gonçalves
92%
17 Francisco Trincão
90%
1 Antonio Adán
89%
25 Gonçalo Inácio
88%
TR Rúben Amorim
88%
5 Hidemasa Morita
87%
11 Nuno Santos
86%
4 Sebastián Coates
83%
72 Eduardo Quaresma
82%
47 Ricardo Esgaio
82%
26 Ousmane Diomande
80%
2 Matheus Reis
78%
20 Paulinho
78%
23 Daniel Bragança
77%
10 Marcus Edwards
77%
42 Morten Hjulmand
77%
21 Geny Catamo
75%
3 Jeremiah St Juste
75%
22 Iván Fresneda
69%
13 Luís Neto
65%
51 Diogo Pinto
58%
14 Dário Essugo
43%
80 Koba Koindredi
39%
90 Afonso Moreira
37%
99 Francisco Silva
34%
TA Carlos Fernandes
33%
45 Rafael Pontelo
30%
TA Emanuel Ferro
29%
82 Mateus Fernandes
29%
43 João Muniz
25%
TGR Jorge Vital
23%
93 Miguel Menino
23%
TGR Tiago Ferreira
20%
TA Adélio Cândido
17%
PF Gonçalo Álvaro
12%
Nenhum quiz correspondente encontrado
Distribuição das Pontuações
Porcentagem de Pessoas com Cada Pontuação
Percentil de Números Respondidos
Sua Pontuação Histórica
Você não jogou esse quiz